|
|
|
|
| LEADER |
00000nam a2200000 i 4500 |
| 001 |
1/9188 |
| 008 |
970203s1968 fre d |
| 020 |
|
|
|a 2-259-00086-X
|
| 035 |
|
|
|l 10017381
|
| 040 |
|
|
|a GR-MY-UA
|b gre
|e aacr
|
| 041 |
0 |
|
|a fre
|
| 082 |
0 |
|
|a 306
|
| 100 |
1 |
|
|a Lévi-Strauss, Claude.
|
| 245 |
1 |
0 |
|a L'origine des manieres de table /
|c Claude Levi-Strauss
|
| 260 |
|
|
|a Paris :
|b Plon,
|c 1968
|
| 300 |
|
|
|a 478 p.
|
| 504 |
|
|
|a Includes bibliographical references and index
|
| 650 |
0 |
0 |
|a Ethnology
|z America.
|
| 650 |
0 |
0 |
|a Mythology.
|
| 650 |
0 |
0 |
|a Indian mythology.
|
| 774 |
1 |
|
|t Mythologiques
|
| 852 |
|
|
|a INST
|b LESVOS
|e 19970203
|h 306 LEV
|p 005100012094
|q 005100012094
|t BK
|y 0
|z v.3
|
| 852 |
|
|
|a INST
|b LESVOS
|e 19970203
|h 306 LEV
|p 005100012094
|q 005100012094
|t BK
|v v.3:
|y 0
|z v.3
|
| 853 |
|
|
|a INST
|b LESVOS
|h 306 LEV
|
| 909 |
|
|
|a Λ
|b 007118
|